Brawl Stars - Lendários #6 - Statistics

Estatísticas Gerais
  • Esse quiz foi jogado 78 vezes
  • A pontuação média é 5 de 5
Estatísticas das Respostas
Brawler % Correto
Corvo
97%
Leon
97%
Sandy
97%
Spike
95%
Amber
86%
Nenhum quiz correspondente encontrado
Distribuição das Pontuações
Porcentagem de Pessoas com Cada Pontuação
Percentil de Números Respondidos
Sua Pontuação Histórica
Você não jogou esse quiz